000
00241nam a2200097Ia 4500
008
240625s9999 xx 000 0 und d
041
_a
eng
082
_a
808.20 SHA
100
_a
SHARMA AKHIL
245
_a
AS WE GROW BIGGER THE WORLD GROWS SMALLE
999
_c
35786
_d
35786